<?xml version="1.0" encoding="UTF-8"?>
<collection xmlns="http://www.loc.gov/MARC21/slim">
 <record>
  <leader>01405nam a2200253 a 4500</leader>
  <controlfield tag="001">1/54388</controlfield>
  <controlfield tag="008">211106s2013    gr       b    000 | gre d</controlfield>
  <datafield tag="020" ind1=" " ind2=" ">
   <subfield code="a">9789605032838</subfield>
  </datafield>
  <datafield tag="040" ind1=" " ind2=" ">
   <subfield code="a">GR-PeUP</subfield>
  </datafield>
  <datafield tag="082" ind1="0" ind2="0">
   <subfield code="a">R 489.38 ΜΑΡ</subfield>
  </datafield>
  <datafield tag="100" ind1="1" ind2=" ">
   <subfield code="a">Μαρκαντωνάτος, Γεράσιμος Αν., </subfield>
   <subfield code="d">1938-</subfield>
  </datafield>
  <datafield tag="245" ind1="0" ind2="0">
   <subfield code="a">Αρχαίες, βυζαντινές και λόγιες φράσεις στη Νέα Ελληνική : </subfield>
   <subfield code="b">Πώς γράφονται; Τί σημαίνουν; Πότε χρησιμοποιούνται; /</subfield>
   <subfield code="c">Γεράσιμος Αν. Μαρκαντωνάτος.</subfield>
  </datafield>
  <datafield tag="260" ind1=" " ind2=" ">
   <subfield code="a">[Αθήνα] : </subfield>
   <subfield code="b">Δημοσιογραφικός Οργανισμός Λαμπράκη,</subfield>
   <subfield code="c">2013.</subfield>
  </datafield>
  <datafield tag="300" ind1=" " ind2=" ">
   <subfield code="a">285 σ. :</subfield>
   <subfield code="b">εικ. ; </subfield>
   <subfield code="c">23 εκ.</subfield>
  </datafield>
  <datafield tag="490" ind1="1" ind2=" ">
   <subfield code="a">Μικρή Χρηστική Βιβλιοθήκη για τη Γλώσσα ;</subfield>
  </datafield>
  <datafield tag="504" ind1=" " ind2=" ">
   <subfield code="a">Περιέχει βιβλιογραφία.</subfield>
  </datafield>
  <datafield tag="650" ind1=" " ind2="0">
   <subfield code="a">Greek language, Modern</subfield>
   <subfield code="x">Dictionaries.</subfield>
  </datafield>
  <datafield tag="650" ind1=" " ind2="0">
   <subfield code="a">Greek language, Modern </subfield>
   <subfield code="x">Archaisms</subfield>
   <subfield code="x">Dictionaries.</subfield>
  </datafield>
  <datafield tag="650" ind1=" " ind2="0">
   <subfield code="a">Greek language, Modern </subfield>
   <subfield code="x">Terms and phrases.</subfield>
  </datafield>
  <datafield tag="650" ind1=" " ind2="0">
   <subfield code="a">Greek language, Medieval and late</subfield>
   <subfield code="x">Terms and phrases.</subfield>
  </datafield>
  <datafield tag="650" ind1=" " ind2="4">
   <subfield code="a">Ελληνική γλώσσα, Νέα</subfield>
   <subfield code="x">Λεξικά.</subfield>
  </datafield>
  <datafield tag="830" ind1="0" ind2="0">
   <subfield code="a">Μικρή Χρηστική Βιβλιοθήκη για τη Γλώσσα.</subfield>
  </datafield>
  <datafield tag="852" ind1=" " ind2=" ">
   <subfield code="a">INST</subfield>
   <subfield code="b">UNIPILB</subfield>
   <subfield code="c">MAIN</subfield>
   <subfield code="e">20211106</subfield>
   <subfield code="h">R 489.38 ΜΑΡ</subfield>
   <subfield code="p">00186678</subfield>
   <subfield code="q">00186678</subfield>
   <subfield code="t">LOAN</subfield>
   <subfield code="y">0</subfield>
   <subfield code="4">1</subfield>
  </datafield>
  <datafield tag="960" ind1=" " ind2=" ">
   <subfield code="a">ΑΛΜΠΑΝΗ ΤΑΝΙΑ</subfield>
  </datafield>
 </record>
</collection>
